000
00226 a2200097 4500
001
30937
100
_a
Nadvi
245
_a
Seera-ul-Sahbiyat magha Uswa Sahibyat
260
_a
Karachi
_b
Dar-ul-Ishagat
_c
090
_c
20829
_d
20829
942
_a
NUST-CAE
_c
M
_c
12035
999
_c
266010
_d
266010